000
00314nam a2200109Ia 4500
008
200302s9999 xx 000 0 und d
100
_a
Esther Charlesworth
245
_a
Architects without frontiers war, reconstruction and design responsibility
260
_b
Elsevier Published Ltd.
260
_c
2006
300
_a
175
999
_c
6427
_d
6427